000 00679nam a2200265Ia 4500
005 20250425162154.0
008 250425s9999 xx 000 0 und d
020 _a8477645310
041 _aspa
043 _asp
082 _a909
_pOCE
110 _aGrupo Editorial Océano
245 0 _aHistoria universal : siglo XVI - II
250 _aPrimera edición
260 _aEspaña
_bInstituto GALLACH
_c1998
300 _a232 página
_bilustración
_c30 cm.
504 _abibliografía
650 _aEuropa
650 _aHistoria universal
650 _aImperialismo
650 _aRenacimiento
902 _aMonográfico
_cImpreso
942 _c01
010 _a54276
999 _c223805
_d223805